Situación y perspectivas de la agricultura y la vida rural en Costa Rica

Salvato in:
Dettagli Bibliografici
Natura: Libro
Lingua:Spanish
Pubblicazione: San José, C.R.: IICA
Soggetti:
Tags: Aggiungi Tag
Nessun Tag, puoi essere il primo ad aggiungerne!!

MARC

LEADER 00000nam a22000007a 4500
003 cru CIDCACS/IIS
005 20170116160158.0
007 ta
008 170116b2006 CR ||||| |||| 00| 0 spa d
020 |a 109290397853 
040 |c cru CIDCACS/IIS 
090 |a 07.01.01 S623s 
245 |a Situación y perspectivas de la agricultura y la vida rural en Costa Rica  |c IICA. Oficina de Costa rica 
260 |a San José, C.R.:  |b IICA 
300 |a 58 páginas 
650 1 0 |9 93  |a AGRICULTURA 
650 1 0 |9 1122  |a INNOVACIONES AGRICOLAS 
650 1 0 |9 1123  |a DESARROLLO RURAL 
942 |2 ddc  |c LI 
999 |c 18814  |d 18814